Statistics for American League East Opening Day Lineups 2023

Click here to take the quiz!

General Stats

  • This quiz has been taken 4 times
  • The average score is 22 of 50

Answer Stats

Yankees% Correct
2. CFAaron Judge
100%
2. DHAdley Rutschman
100%
3. 1BAnthony Rizzo
100%
1. 2BDJ LeMahieu
100%
PGerrit Cole
100%
4. RFGiancarlo Stanton
100%
6. DHGleyber Torres
100%
5. 3BJosh Donaldson
100%
2. 3BRafael Devers
100%
3. DHVladimir Guerrero Jr
100%
PAlec Manoah
67%
5. CAlejandro Kirk
67%
9. SSAnthony Volpe
67%
2. SSBo Bichette
67%
8. 2BCavan Biggio
67%
1. RFGeorge Springer
67%
3. DHJustin Turner
67%
9. CFKevin Kiermaier
67%
9. SSKike Hernandez
67%
5. CFAdam Duvall
33%
1. RFAlex Verdugo
33%
1. CFCedric Mullins
33%
7. 2BChristian Arroyo
33%
PCorey Kluber
33%
4. LFDaulton Varsho
33%
5. 3BGunnar Henderson
33%
8. CJose Trevino
33%
PKyle Gibson
33%
4. LFMasataka Yoshida
33%
7. 3BMatt Chapman
33%
7. LFOswaldo Cabrera
33%
4. LFRandy Arozarena
33%
8. CReese Mcguire
33%
PShane McClanahan
33%
6. 1BTriston Casas
33%
2. SSWander Franco
33%
1. 1BYandy Diaz
33%
7. 2BAdam Frazier
0%
3. RFAnthont Santandar
0%
9. CAnthony Bemboom
0%
6. 1BBrandon Belt
0%
7. 2BBrandon Lowe
0%
8. CChristian Bethencourt
0%
5. DHHarold Ramirez
0%
3. 3BIsaac Paredes
0%
8. SSJorge Mateo
0%
9. CFJose Siri
0%
6. LFKyle Stowers
0%
6. RFManuel Margot
0%
4. 1BRyan Mountcastle
0%

Score Distribution

Percentile by Number Answered

Percent of People with Each Score

Your Score History

You have not taken this quiz